Minecraft 1.9 - Statistics

General Stats
  • This quiz has been taken 28 times
  • The average score is 36 of 69
Answer Stats
Picture Answer % Correct
Beetroot
95%
Beetroot Seeds
91%
Beetroot Soup
91%
Elytra
91%
Chorus Fruit
86%
Dragon Head
86%
Popped Chorus Fruit
86%
Shield
86%
End Rod
82%
Frosted Ice
82%
Repeating Command Block
82%
Chain Command Block
77%
Arrow of Poison
73%
Chorus Flower
73%
Dirt Path
73%
Purpur Block
73%
Shulker Spawn Egg
68%
Arrow of Healing
64%
Dragon's Breath
64%
Purpur Slab
64%
Purpur Stairs
64%
Spectral Arrow
64%
Arrow of Harming
59%
Arrow of Slowness
59%
Chorus Plant
59%
Purpur Pillar
59%
Arrow of Leaping
55%
Arrow of Regeneration
55%
Arrow of Swiftness
55%
End Gateway
55%
End Stone Bricks
55%
Lingering Potion of Fire Resistance
55%
Lingering Potion of Poison
55%
Lingering Potion of Regeneration
55%
Lingering Potion of Harming
50%
Lingering Potion of Slowness
50%
Lingering Potion of Water Breathing
50%
Arrow of Water Breathing
45%
Lingering Potion of Healing
45%
Lingering Potion of Leaping
45%
Lingering Potion of Luck
45%
Potion of Luck
45%
Arrow of Strength
41%
Arrow of Weakness
41%
Lingering Awkward Potion
41%
Lingering Potion of Invisibility
41%
Lingering Potion of Swiftness
41%
Splash Awkward Potion
41%
Splash Potion of Luck
41%
Arrow of Fire Resistance
36%
Arrow of Invisibility
36%
Arrow of Luck
36%
Arrow of Night Vision
36%
Lingering Mundane Potion
36%
Lingering Potion of Weakness
36%
Splash Water Bottle
36%
Lingering Potion of Night Vision
32%
Lingering Potion of Strength
32%
Lingering Water Bottle
32%
Splash Mundane Potion
32%
Tipped Arrow
32%
Lingering Thick Potion
27%
Splash Thick Potion
27%
Structure Block
23%
Uncraftable Lingering Potion
14%
Uncraftable Potion
14%
Uncraftable Splash Potion
14%
Uncraftable Tipped Arrow
14%
Arrow of Splashing
5%
No matching quizzes found
Score Distribution
Percent of People with Each Score
Percentile by Number Answered
Your Score History
You have not taken this quiz